000 00735nam a22002297a 4500
003 OSt
005 20251125094532.0
008 251125b |||||||| |||| 00| 0 eng d
020 _a971-685-727-6.
040 _aDWCL-Admin lib
_cOC
082 _aFil. 001.4 P855l 2011
100 _aPosecionh, Ofelia T.
245 _a Language research :
_bprinciples and applications /
_cOfelia T. Posecionh
260 _a Quezon City :
_bLorimar Pub. ,
_cc2011
300 _a viii, 141 p. ;
_c26 cm.
504 _aIncludes bibliographical references.
650 _a1. Research--Principles.
650 _a2. Research--Study and teaching.
650 _aI. Go, Mildred B.
700 _aAlbano, Heidi P.
942 _2ddc
_cBK - FIL
_kFil.
_n0
999 _c6185
_d6185